Topografický rad pôd výškovej pásmovitosti na trnavskej pahorkatine

Bibliographic Details
Main Author: Bedrna, Zoltán, 1933-2019 (Author)
Format: Book
Language:Slovak
PhysicalDescription:60, [2] s. fotografie, grafy, ilustrácie, mapy 8°
Published: Bratislava SAV 1966
Series:Náuka o zemi
Subjects:

MARC

LEADER 00000cam a2200000 a 4500
001 vtls008341018
003 SK-MaSNL
005 20260301020518.0
008 190102s1966 xo oda fr 000 0 slo
015 |a SNBA1966/05-00777 
035 |a SK01SNK19660033235 
035 |a SKM000035698 
040 |a SNK  |b slo  |c SNK  |e AACR2 
041 0 |a slo  |b ger 
043 |a e-xo--- 
044 |a xo  |c SK 
072 7 |a 502  |x Životné prostredie a jeho ochrana  |2 konspekt 
080 |a 502.521  |2 2011 
080 |a 437.6-13 (miestne určenie)  |2 2001 
080 |a (048.8)  |2 2011 
100 1 |a Bedrna, Zoltán,  |d 1933-2019  |4 aut  |9 104011 
245 1 0 |a Topografický rad pôd výškovej pásmovitosti na trnavskej pahorkatine  |c Zoltán Bedrna 
260 |a Bratislava  |b SAV  |c 1966  |e Bratislava  |f Pravda 
300 |a 60, [2] s.  |b fotografie, grafy, ilustrácie, mapy  |c 8° 
366 |e 600 výt. 
490 1 |a Náuka o zemi  |v 2 
504 |a Obsahuje bibliografické odkazy 
546 |a Resumé nemecky 
650 0 7 |a pôda  |2 SNKPH  |9 1159 
651 7 |a Trnavská pahorkatina (Slovensko)  |2 SNKPH  |9 68350 
655 7 |a štúdie  |2 SNKPH  |9 57033 
830 0 |a Náuka o zemi  |9 307678 
852 |a Slovenská národná knižnica 
954 |a odborná, vedecká literatúra pôvodná (slovenská)  |2 lita 
958 |a OND 
958 |a RK 
958 |a NB 
999 |c 563151  |d 565081 
952 |a SNK  |b SNK  |y PREZ  |7 0  |p 17A0891630  |o snkSC 21500  |i snkKSP 3948/66  |0 0  |1 0  |4 0  |d 1996-02-21  |l 0  |r 2005-01-01 00:00:00  |w 2026-02-23 
952 |a SNK  |b SNK  |y VYP  |7 0  |p 17A0337168  |o snkSC 21500 D1  |i snkKSP 3949/66  |0 0  |1 0  |4 0  |d 1996-02-21  |l 0  |r 2005-01-01 00:00:00  |w 2026-02-23